Countries by Number of 100k Cities (In Order) - Statistics

General Stats
  • This quiz has been taken 39 times
  • The average score is 24 of 167
Answer Stats
100k Cities Country % Correct
1587 S China
100%
505 M India
95%
341 N United States
91%
326 S Brazil
73%
262 T Japan
59%
186 J Indonesia
55%
98 T Iran
50%
137 L Nigeria
50%
168 M Russia
50%
59 B Argentina
45%
74 C Egypt
45%
42 P France
45%
68 B Germany
45%
131 M Mexico
45%
135 K Pakistan
45%
76 J South Africa
45%
105 I Turkey
45%
55 T Canada
41%
59 B Colombia
41%
34 R Italy
41%
37 W Poland
41%
73 S South Korea
41%
56 M Spain
41%
43 K Ukraine
41%
75 L United Kingdom
41%
49 H Vietnam
41%
58 C Venezuela
36%
46 D Bangladesh
32%
29 S Chile
32%
22 N Kenya
32%
120 Q Philippines
32%
38 A Algeria
27%
6 V Austria
27%
36 B Iraq
27%
41 K Malaysia
27%
29 R Saudi Arabia
27%
25 L Peru
23%
14 B Thailand
23%
19 S Australia
18%
6 P Czechia
18%
8 B Hungary
18%
21 A Kazakhstan
18%
23 A Netherlands
18%
22 L Angola
14%
10 A Belgium
14%
3 Z Croatia
14%
13 H Cuba
14%
25 K Democratic Republic of the Congo
14%
4 C Denmark
14%
7 A Greece
14%
1 L Luxembourg
14%
36 C Morocco
14%
18 Y Myanmar
14%
37 K Nepal
14%
7 A New Zealand
14%
25 P North Korea
14%
7 O Norway
14%
7 L Portugal
14%
18 B Romania
14%
19 D Senegal
14%
1 S Singapore
14%
6 Z Switzerland
14%
33 D Tanzania
14%
14 T Tunisia
14%
13 M Belarus
9%
2 S Bosnia and Herzegovina
9%
6 S Bulgaria
9%
7 O Burkina Faso
9%
3 P Cambodia
9%
28 A Ethiopia
9%
8 H Finland
9%
1 R Iceland
9%
1 P Kosovo
9%
2 U Mongolia
9%
1 P Montenegro
9%
4 B Serbia
9%
1 L Slovenia
9%
4 J South Sudan
9%
17 O Sudan
9%
11 S Sweden
9%
14 D Syria
9%
23 K Uganda
9%
2 M Uruguay
9%
19 T Uzbekistan
9%
7 K Afghanistan
5%
2 T Albania
5%
2 Y Armenia
5%
6 B Azerbaijan
5%
1 N Bahamas
5%
12 S Bolivia
5%
9 D Cameroon
5%
4 S Costa Rica
5%
10 S Dominican Republic
5%
19 G Ecuador
5%
12 S El Salvador
5%
1 T Estonia
5%
1 S Fiji
5%
4 T Georgia
5%
16 G Guatemala
5%
6 T Honduras
5%
18 T Israel
5%
12 A Ivory Coast
5%
4 K Jamaica
5%
1 R Latvia
5%
4 V Lithuania
5%
2 W Namibia
5%
9 M Nicaragua
5%
1 S North Macedonia
5%
6 P Panama
5%
2 P Papua New Guinea
5%
10 A Paraguay
5%
5 D Qatar
5%
4 B Republic of the Congo
5%
2 B Slovakia
5%
22 M Somalia
5%
8 C Sri Lanka
5%
18 N Taiwan
5%
6 D United Arab Emirates
5%
18 L Zambia
5%
8 H Zimbabwe
5%
1 M Bahrain
0%
5 C Benin
0%
1 T Bhutan
0%
2 G Botswana
0%
1 B Brunei
0%
1 B Burundi
0%
1 P Cape Verde
0%
5 B Central African Republic
0%
2 N Chad
0%
1 L Cyprus
0%
1 D Djibouti
0%
2 M Equatorial Guinea
0%
1 A Eritrea
0%
3 L Gabon
0%
12 A Ghana
0%
7 C Guinea
0%
1 B Guinea-Bissau
0%
1 G Guyana
0%
8 P Haiti
0%
3 D Ireland
0%
16 A Jordan
0%
8 H Kuwait
0%
3 B Kyrgyzstan
0%
1 V Laos
0%
5 B Lebanon
0%
1 M Lesotho
0%
1 M Liberia
0%
11 T Libya
0%
7 A Madagascar
0%
4 L Malawi
0%
1 M Maldives
0%
6 B Mali
0%
2 N Mauritania
0%
2 P Mauritius
0%
2 C Moldova
0%
14 M Mozambique
0%
5 N Niger
0%
5 S Oman
0%
2 K Rwanda
0%
4 F Sierra Leone
0%
1 H Solomon Islands
0%
1 P Suriname
0%
4 D Tajikistan
0%
1 D Timor-Leste
0%
1 L Togo
0%
5 A Turkmenistan
0%
7 S Yemen
0%
No matching quizzes found
Score Distribution
Percent of People with Each Score
Percentile by Number Answered
Your Score History
You have not taken this quiz